Detective Conan Characters (All) - Statistics

General Stats
  • This quiz has been taken 404 times
  • The average score is 41 of 85
Answer Stats
Group Answer % Correct
Protagonists Shinichi Kudo
94%
Black Organization Gin
90%
Protagonists Kogoro Mouri
88%
Protagonists Ran Mouri
88%
Protagonists Conan Edogawa
87%
Detective Boys Ai Haibara
86%
Family / Friends Yukiko Kudo
83%
Family / Friends Yusaku Kudo
83%
Black Organization Vodka
82%
Black Organization Vermouth
77%
Family / Friends Heiji Hattori
76%
FBI Shuichi Akai
75%
Tokyo MPD Miwako Sato
73%
Tokyo MPD Wataru Takagi
72%
Tokyo MPD Juzo Megure
69%
MI6 Tsutomu Akai
69%
Detective Boys Ayumi Yoshida
68%
Black Organization Rum
68%
Others Scar Akai
68%
Family / Friends Sonoko Suzuki
67%
Family / Friends Hiroshi Agasa
65%
Detective Boys Genta Kojima
64%
Osaka PD Heizo Hattori
64%
Magic Kaito Kaito Kid
62%
Family / Friends Shizuka Hattori
61%
Tokyo MPD Ninzaburo Shiratori
60%
Family / Friends Masumi Sera
59%
FBI James Black
58%
PSB Rei Furuya
57%
FBI Andre Camel
56%
MI6 Mary Sera
56%
Black Organization Chianti
55%
Family / Friends Eri Kisaki
55%
FBI Jodie Starling
55%
Black Organization Korn
55%
Family / Friends Kazuha Toyama
52%
Tokyo MPD Kazunobu Chiba
52%
Family / Friends Jirikichi Suzuki
50%
Black Organization Akemi Miyano
48%
Black Organization Kenzo Masuyama (Pisco)
48%
Black Organization Elena Miyano
45%
Detective Boys Mitshuhiko Tsuburaya
45%
Black Organization Tequila
45%
Black Organization Atsushi Miyano
44%
Osaka PD Ginshiro Toyama
43%
Nagano PD Taka'aki Morofushi
43%
PSB Hiromitsu Morofushi
42%
Family / Friends Eisuke Hondou
41%
Nagano PD Kansuke Yamato
41%
Other PD Misao Yamamura
40%
Black Organization Shiho Miyano (Sherry)
40%
CIA Hidemi Hondou
39%
Family / Friends Shukichi Haneda
39%
CIA Ethan Hondou
38%
Family / Friends Sumiko Kobayashi
38%
Magic Kaito Chikage Kuroba
37%
Tokyo MPD Naeko Miike
37%
Nagano PD Yui Uehara
37%
Black Organization Calvados
36%
Other PD Sango Yokomizo
34%
Other PD Jugo Yokomizo
33%
Others Kohji Haneda
33%
Family / Friends Subaru Okiya
33%
Tokyo MPD Hyoue Kuroda
32%
Tokyo MPD Yumi Miyamoto
32%
Osaka PD Goro Otaki
31%
PSB Yuya Kazami
31%
Family / Friends Makoto Kyogoku
30%
Tokyo MPD Kiyonaga Matsumoto
28%
Others Rumi Wakasa
28%
Family / Friends Yoko Okino
28%
Others Momiji Ooka
24%
Family / Friends Tomoaki Araide
24%
Family / Friends Azusa Enomoto
23%
Black Organization Boss
23%
Other PD Fumimaro Ayanokoji
21%
Black Organization Rikumichi Kusuda
19%
Tokyo MPD Inspector Yuminaga
17%
Magic Kaito Konosuke Jii
17%
Others Muga Iori
17%
Black Organization Ki'ichiro Numabuchi
14%
Tokyo MPD Shintaro Chaki
14%
Magic Kaito Akako Koizumi
10%
Others Asaka
6%
Family / Friends Sakurako Yonehare
2%
No matching quizzes found
Score Distribution
Percent of People with Each Score
Percentile by Number Answered
Your Score History
You have not taken this quiz